ბათუმის შოთა რუსთაველის სახელმწიფო უნივერსიტეტის ბიბლიოთეკა

Теория вероятностей (ბიბ.ჩანაწერი № 47995)

000 -LEADER
fixed length control field 00596nam a2200217Ia 4500
001 - CONTROL NUMBER
control field 14873
003 - CONTROL NUMBER IDENTIFIER
control field GE_BSU
008 - FIXED-LENGTH DATA ELEMENTS--GENERAL INFORMATION
fixed length control field 181216s||||||||xx |||||||||||||| ||und||
040 ## - CATALOGING SOURCE
Transcribing agency GE_BSU
080 ## - UNIVERSAL DECIMAL CLASSIFICATION NUMBER
Universal Decimal Classification number 519.21(075.8)
100 ## - MAIN ENTRY--PERSONAL NAME
Personal name Боровков,А.А.
245 ## - TITLE STATEMENT
Title Теория вероятностей
245 ## - TITLE STATEMENT
Statement of responsibility, etc. Ред. Л.М.Кушелевич В.В. Абгарян
260 ## - PUBLICATION, DISTRIBUTION, ETC.
Place of publication, distribution, etc. Москва
260 ## - PUBLICATION, DISTRIBUTION, ETC.
Name of publisher, distributor, etc. Наука
260 ## - PUBLICATION, DISTRIBUTION, ETC.
Date of publication, distribution, etc. 1976
300 ## - PHYSICAL DESCRIPTION
Extent 351стр.20см.
300 ## - PHYSICAL DESCRIPTION
Accompanying material Табл.Указ.стр.350-351
653 ## - INDEX TERM--UNCONTROLLED
Uncontrolled term Теория вероятностей
942 ## - ADDED ENTRY ELEMENTS (KOHA)
Koha item type წიგნი
ეგზემპლარები
Withdrawn status Lost status Damaged status Not for loan Date acquired Barcode Date last seen Price effective from Koha item type
        2018-12-17 17516 2018-12-17 2018-12-17 წიგნი